000 01008nas a2200337 4500
001 BR0405022
003 BR-BrBNA
005 20231205104925.0
007 ta
008 230509b bl.|||p| |||| 00| 00por d
040 _aBR-BrBNA
_bpor
_cBiblioteca Nacional de Agricultura
041 _a(Pt)
072 _aF08; F30; H20
100 1 _aHoffmann, L.L.
100 1 _aReis, E.M.
100 1 _aForcelini, C.A.
100 1 _aPanisson, E.
100 1 _aMendes, C.S.
100 1 _aCasa, R.T.
245 1 _aEfeitos da rotação de cultura, de cultivares e da aplicação de fungicida sobre o rendimento de grãos e doenças foliares em Soja
650 _aSOJA
650 _aVARIEDADE
650 _aROTAÇÃO DE CULTURA
650 _aOÍDIO
650 _aFUNGICIDA
650 _aGRÃO
650 _aRENDIMENTO
773 0 _tFitopatologia Brasileira (Brazil)
_xISSN 0100-4158
_g(May-Jun 2004), v. 29(3) p. 245-251
_wBR0405022
909 _a202311
_bLúcia
_c55
_dLúcia Elande
942 _2AGRIS
_n0
_cANA
999 _c180321
_d180321